000
00265nam a2200109Ia 4500
005
20251222144803.0
008
251222s9999||||xx |||||||||||||| ||spa||
082
_a
711.55/P66
245
0
_a
Plaza Mayor
264
_b
Municipalidad Metropolitana de Lima
942
_c
LIB
999
_c
19801
_d
19801